| 000 | 00000nam 2200000za 4500 |
| 001 | 9.834724 |
| 003 | CaOODSP |
| 005 | 20250403105902 |
| 007 | cr ||||||||||| |
| 008 | 170404s19731977onc #os f00| 0 fre d |
| 040 | |aCaOODSP|bfre |
| 041 | |aeng|afre |
| 043 | |an-cn--- |
| 086 | 1 |aCS93-726/1971-PDF |
| 086 | 1 |aCS93-727/1971-PDF |
| 086 | 1 |aCS93-728/1971-PDF |
| 086 | 1 |aCS93-729/1971-PDF |
| 086 | 1 |aCS93-730/1971-PDF |
| 086 | 1 |aCS93-731/1971-PDF |
| 086 | 1 |aCS93-732/1971-PDF |
| 086 | 1 |aCS93-733/1971-PDF |
| 245 | 00|a1971 Census of Canada |h[ressource électronique] : |bhousing : vol. II - part 3 = Recensement du Canada 1971 : logement : vol. II - partie 3. |
| 246 | 11|aRecensement du Canada 1971 : |blogement : vol. II - partie 3 |
| 246 | 15|aCaractéristiques de logement|g(seulement dans quelques volumes) |
| 260 | |aOttawa : |bStatistics Canada = Statistique Canada, |c1973-1977. |
| 300 | |a8 v. |
| 500 | |aNombreux tableaux. |
| 500 | |aTitre de la couv. |
| 500 | |aÉdition numérisée de l’imprimé [par Statistique Canada]. |
| 500 | |aCouvre le Bulletin 2.3-1 à 2.3-8. |
| 505 | 0 |a93-726. Introduction au volume II (partie 3) -- 93-727. Logements selon le mode d'occupation et le type de construction -- 93-728. Pièces par logement -- 93-729. Chambres à coucher par logement -- 93-730. Nombre de personnes par pièce -- 93-731. Période de construction et durée d'occupation -- 93-732. Valeurs et loyers -- 93-733. Principaux combustibles et systèmes de chauffage. |
| 546 | |aTexte en anglais et en français. |
| 692 | 07|2gccst|aRecensement |
| 692 | 07|2gccst|aLogement |
| 710 | 2 |aStatistique Canada. |
| 791 | |t1971 Census of Canada |eeng|w(CaOODSP)9.834704 |
| 856 | 40|qPDF|s5.37 Mo|uhttps://publications.gc.ca/collections/collection_2017/statcan/CS93-726-1971.pdf|zIntroduction au volume II (partie 3) |
| 856 | 40|qPDF|s5.26 Mo|uhttps://publications.gc.ca/collections/collection_2017/statcan/CS93-727-1971.pdf|zLogements selon le mode d'occupation et le type de construction |
| 856 | 40|qPDF|s3.67 Mo|uhttps://publications.gc.ca/collections/collection_2017/statcan/CS93-728-1971.pdf|zPièces par logement |
| 856 | 40|qPDF|s3.39 Mo|uhttps://publications.gc.ca/collections/collection_2017/statcan/CS93-729-1971.pdf|zChambres à coucher par logement |
| 856 | 40|qPDF|s3.05 Mo|uhttps://publications.gc.ca/collections/collection_2017/statcan/CS93-730-1971.pdf|zNombre de personnes par pièce |
| 856 | 40|qPDF|s6.15 Mo|uhttps://publications.gc.ca/collections/collection_2017/statcan/CS93-731-1971.pdf|zPériode de construction et durée d'occupation |
| 856 | 40|qPDF|s4.59 Mo|uhttps://publications.gc.ca/collections/collection_2017/statcan/CS93-732-1971.pdf|zValeurs et loyers |
| 856 | 40|qPDF|s6.32 Mo|uhttps://publications.gc.ca/collections/collection_2017/statcan/CS93-733-1971.pdf|zPrincipaux combustibles et systèmes de chauffage |